00337 a2200097 4500001000900000005001700009008004100026245010500067100002400172773004300196ART_666120260410161620.0260409a 10aEl proceso de implementación de las Normas Internacionales de Contabilidad en la empresa argentina1 aLuppi, Hugo Alberto0 tEnfoquesg- Nº 11 (nov. 2009)wREV416